Ultimate Musical Instrument Quiz - Statistics

General Stats
  • This quiz has been taken 100 times
    35 since last reset
  • The average score is 40 of 69
Answer Stats
Picture Answer % Correct
Piano
100%
Clarinet
88%
Pipe Organ
88%
Trumpet
88%
Accordion
84%
Bagpipe
84%
Saxophone
84%
Violin
84%
Drum Set
80%
Flute
80%
Guitar
80%
Recorder
80%
Triangle
80%
Trombone
80%
Tuba
80%
Cello
76%
French Horn
76%
Harp
76%
Marimba
76%
Oboe
76%
Gong
72%
Harmonica
72%
Xylophone
72%
Banjo
68%
Bassoon
68%
Bongos
68%
Harpsichord
68%
Maracas
68%
Piccolo
68%
Snare Drum
68%
Ukulele
68%
Viola
68%
Cymbals
64%
Pan Flute
64%
Steel Pan
64%
Tambourine
64%
Bass Guitar
60%
Bugle
60%
Lute
60%
Timpani
60%
Glockenspiel
52%
Vibraphone
52%
Castanets
48%
Cornet
48%
Double Bass
48%
Mandolin
48%
Ocarina
48%
Sousaphone
48%
Didgereedo
44%
Euphonium
44%
English Horn
40%
Lyre
40%
Theremin
40%
Contrabassoon
36%
Kalimba
36%
Serpent
36%
Balalaika
32%
Handpan
32%
Otamatone
32%
Cabasa
28%
Celesta
28%
Piccolo Trumpet
28%
Flugelhorn
24%
Zither
20%
Octobass
16%
Cajón
12%
Carillon
12%
Wagner Horn
12%
Theorbo
4%
No matching quizzes found
Score Distribution
Percent of People with Each Score
Percentile by Number Answered
Your Score History
You have not taken this quiz since the last reset